| 000 | 00567nam a2200193Ia 4500 | ||
|---|---|---|---|
| 001 | 55628 | ||
| 008 | 121112n ii |||gr||||Z||||||465 | ||
| 082 | _a572.954 | ||
| 245 | 0 |
_aCore Problems of The Scheduled Castes of Assam _cBimal Kr Hazarika _hTextual Documents |
|
| 250 | _aFirst-1995. | ||
| 260 |
_aGhy: _bAssam institute of Research for Tribals & S/C. |
||
| 300 |
_a159pg: _bill; _c23cm. |
||
| 653 | _aAnthropology | ||
| 653 | _aProblems of S/C | ||
| 653 | _aT/G-Anthropology | ||
| 653 | _aG-Anthropology | ||
| 700 | _aHazarika,Bimal Kr . | ||
| 942 |
_2ddc _cBK |
||
| 999 |
_c55558 _d55558 |
||